When Protestants worship. (Record no. 3178)
[ view plain ]
| 000 -LEADER | |
|---|---|
| fixed length control field | 00732cam a22002531 4500 |
| 001 - CONTROL NUMBER | |
| control field | 8907198 |
| 003 - CONTROL NUMBER IDENTIFIER | |
| control field | GBCCL |
| 005 - DATE AND TIME OF LATEST TRANSACTION | |
| control field | 20241126110449.0 |
| 008 - FIXED-LENGTH DATA ELEMENTS--GENERAL INFORMATION | |
| fixed length control field | 770120s1961 nyu 000 0 eng |
| 010 ## - | |
| -- | 62016016 |
| 035 ## - SYSTEM CONTROL NUMBER | |
| System control number | (OCoLC)2690857 |
| 040 ## - CATALOGING SOURCE | |
| Original cataloging agency | DLC |
| Transcribing agency | FTaSU |
| Modifying agency | DLC |
| 042 ## - | |
| -- | premarc |
| 050 00 - | |
| -- | BV15 |
| -- | .H4 |
| 082 ## - DEWEY DECIMAL CLASSIFICATION NUMBER | |
| Classification number | 264.04 |
| Item number | HED |
| 100 1# - MAIN ENTRY--PERSONAL NAME | |
| Personal name | Hedley, George, |
| Dates associated with a name | 1899-1971. |
| 9 (RLIN) | 6560 |
| 245 10 - TITLE STATEMENT | |
| Title | When Protestants worship. |
| 260 ## - PUBLICATION, DISTRIBUTION, ETC. | |
| Place of publication, distribution, etc. | New York, |
| Name of publisher, distributor, etc. | Published for the Cooperative Publication Association by Abingdon Press |
| Date of publication, distribution, etc. | [1961] |
| 300 ## - PHYSICAL DESCRIPTION | |
| Extent | 96 p. |
| Dimensions | 19 cm. |
| 490 0# - SERIES STATEMENT | |
| Series statement | Faith for life series. |
| 650 #0 - SUBJECT ADDED ENTRY--TOPICAL TERM | |
| Topical term or geographic name entry element | Public worship. |
| 9 (RLIN) | 951 |
| 906 ## - LOCAL DATA ELEMENT F, LDF (RLIN) | |
| a | 7 |
| b | cbc |
| c | oclcrpl |
| d | u |
| e | ncip |
| f | 19 |
| g | y-gencatlg |
| 942 ## - ADDED ENTRY ELEMENTS (KOHA) | |
| Source of classification or shelving scheme | Dewey Decimal Classification |
| Koha item type | Books |
| Koha issues (borrowed), all copies | 6 |
| Withdrawn status | Lost status | Source of classification or shelving scheme | Damaged status | Not for loan | Home library | Current Library | Shelving location | Date acquired | Total checkouts | Total renewals | Full call number | Barcode | Date last seen | Date last checked out | Copy number | Price effective from | Koha item type |
|---|---|---|---|---|---|---|---|---|---|---|---|---|---|---|---|---|---|
| Dewey Decimal Classification | GRACE BIBLE COLLEGE | GRACE BIBLE COLLEGE | Ministry & Mission | 2017-11-14 | 6 | 1 | 264.04 HED | 008176 | 2025-05-01 | 2022-08-16 | c.1 | 2017-11-14 | Books |